Statistics for Highest Paid Positions In MLB

Click here to take the quiz!

General Stats

  • This quiz has been taken 41 times
  • The average score is 5 of 11

Answer Stats

Average Salary ($)Answer% Correct
14,596,1441st Base
100%
13,238,261Starting Pitcher
51%
13,118,452Center Field
49%
11,176,7503rd Base
46%
11,460,699Right Field
46%
8,542,407Catcher
37%
8,870,883Shortstop
37%
9,239,738Left Field
34%
9,061,2532nd Base
31%
6,101,823Relief Pitcher
29%
10,167,853Designated Hitter
26%

Score Distribution

Percentile by Number Answered

Percent of People with Each Score

Your Score History

You have not taken this quiz